Batman Actors/Actresses Quiz Stats

 Plays Quiz Updated Dec 5, 2018

Support Sporcle.
Go Orange.
Score 0/53 Timer 07:00
6 Plays Today
Movie Actor/Actress % Correct
The Dark Knight RisesChristian Bale
93.7%
Batman BeginsChristian Bale
90.1%
The Dark KnightChristian Bale
90.1%
Batman & RobinGeorge Clooney
87.3%
BatmanMichael Keaton
84.6%
Batman ReturnsMichael Keaton
84.6%
The Dark KnightHeath Ledger
83.3%
The Dark Knight RisesMorgan Freeman
83%
Batman v Superman: Dawn of JusticeBen Affleck
82.3%
BatmanJack Nicholson
81.9%
Batman ReturnsDanny DeVito
81%
Batman ForeverJim Carrey
80.7%
Batman ForeverVal Kilmer
79.2%
Batman BeginsMorgan Freeman
75.7%
The Dark KnightMorgan Freeman
75.7%
Batman BeginsMichael Caine
73.2%
The Dark KnightMichael Caine
73.2%
Batman & RobinUma Thurman
71.8%
The Dark Knight RisesAnne Hathaway
70.9%
The Dark Knight RisesGary Oldman
70.4%
Batman ForeverTommy Lee Jones
69.4%
Batman BeginsKatie Holmes
65.8%
The Dark Knight RisesTom Hardy
64.8%
Batman & RobinArnold Schwarzenegger
61.8%
Batman ReturnsMichelle Pfeiffer
59%
Batman ForeverChris O'Donnell
59%
Batman & RobinChris O'Donnell
59%
Movie Actor/Actress % Correct
Batman v Superman: Dawn of JusticeAmy Adams
58%
Batman & RobinAlicia Silverstone
57.6%
Batman v Superman: Dawn of JusticeHenry Cavill
57.4%
Batman v Superman: Dawn of JusticeGal Gadot
56.2%
Batman BeginsGary Oldman
55.8%
The Dark KnightGary Oldman
55.8%
Batman v Superman: Dawn of JusticeJesse Eisenberg
50%
Batman ForeverNicole Kidman
49.6%
The Dark KnightMaggie Gyllenhaal
48.7%
Batman BeginsLiam Neeson
48%
The Dark KnightAaron Eckhart
46.5%
BatmanKim Basinger
45.8%
The Dark Knight RisesJoseph Gordon-Levitt
45.3%
Batman v Superman: Dawn of JusticeJeremy Irons
41.7%
Batman ReturnsChristopher Walken
37.7%
The Dark Knight RisesMarion Cotillard
34%
Batman BeginsCillian Murphy
34%
Batman ForeverDrew Barrymore
30.9%
BatmanBilly Dee Williams
28.4%
Batman v Superman: Dawn of JusticeLaurence Fishburne
28.2%
Batman v Superman: Dawn of JusticeHolly Hunter
20.1%
Batman ReturnsMichael Gough
18.1%
Batman ForeverMichael Gough
18.1%
BatmanMichael Gough
18.1%
Batman & RobinMichael Gough
18.1%
BatmanRobert Wuhl
9.9%

From the Vault

20th Century Europeans' Name Match

by khands

History 6m
Only you can bring order to the chaos of these unmatched pairs.
Remove Ads.
Support Sporcle.
Get the best of Sporcle when you Go Orange. This ad-free experience offers more features, more stats, and more fun while also helping to support Sporcle. Thank you for becoming a member.

Show Comments

Extras

Top Quizzes Today


Score Distribution

Your Account Isn't Verified!

In order to create a playlist on Sporcle, you need to verify the email address you used during registration. Go to your Sporcle Settings to finish the process.

Report this User

Report this user for behavior that violates our Community Guidelines.

Details: